| 000 | 01092nam a22002777a 4500 | ||
|---|---|---|---|
| 005 | 20170123162336.0 | ||
| 010 | _aA-770676 | ||
| 020 |
_c15.00 _a8172017871 |
||
| 035 | _aA-770676 | ||
| 037 | _bCen Lib/Ret | ||
| 040 |
_aDPL _bUR |
||
| 082 |
_a921 _bذ ا ک |
||
| 100 |
_aخورشید عالم خان _9124624 |
||
| 245 |
_aڈاکٹر ذاکر حسین :/ _cخورشید عالم خان [اور] بی صحیح الی ؛ ترجمہ ابولکلام قاسمی |
||
| 246 |
_aDoctor Zakir Husain / _bby Khursheed Alam Khan [and] B. Sheh Ali ; trsalted by Abulkalam Azad |
||
| 260 |
_aدہلی _bساہتیہ اکادمی _c1995 |
||
| 270 |
_bدہلی _aرویندرا بھوں ، ٣٥ فیروز شاہ مارگ _e110001 |
||
| 300 |
_a148p _c21cm(Hb) |
||
| 650 |
_aادب -- اردو _9124625 |
||
| 650 |
_aاردو سوانے عمری _9124626 |
||
| 650 |
_aLiterature -- Urdu _9124627 |
||
| 650 |
_aUrdu biography _9511 |
||
| 700 |
_aبی صحیح الی _9109925 |
||
| 700 |
_aابولکلام قاسمی _9110229 |
||
| 942 |
_2ddc _cUR _h921 _mذ ا ک |
||
| 999 |
_c108200 _d108200 |
||